000 00591nam a2200217 a 4500
005 20210219152904.0
008 991125n 000 0 u
035 _aUPN01000065603
100 _aERDAS, Franco Epifanio
222 _aREVISTA DE EDUCACION
245 _aAutonomía y participación en la escuela italiana
300 _a169-200
362 _a1992 No. 299, sep.-dic.
653 0 _aAUTONOMIA
653 0 _aDESCENTRALIZACION
653 0 _aITALIA
653 0 _aLEGISLACION EDUCATIVA
653 0 _aSISTEMA EDUCATIVO NACIONAL
904 _aAC
_b003414
905 _aArticulo
999 _c63076
_d63076